Statistics for Every Song by the Hives

Click here to take the quiz!

General Stats

  • This quiz has been taken 7 times
  • The average score is 47 of 92

Answer Stats

AlbumSong% Correct
Barely Legal(1997)A.K.A. I-D-I-O-T
80%
The Black and White Album(2007)Bigger Hole to Fill
80%
Non-Album(2015)Blood Red Moon
80%
The Death of Randy Fitzsimmons(2023)Bogus Operandi
80%
Barely Legal(1997)Closed for the Season
80%
The Death of Randy Fitzsimmons(2023)Countdown to Shutdown
80%
Veni Vidi Vicious(2000)Die, All Right!
80%
Lex Hives(2012)Go Right Ahead
80%
Veni Vidi Vicious(2000)Hate to Say I Told You So
80%
The Death of Randy Fitzsimmons(2023)Rigor Mortis Radio
80%
The Black and White Album(2007)Tick Tick Boom
80%
The Black and White Album(2007)Try It Again
80%
Tyrannosaurus Hives(2004)Abra Cadaver
60%
Non-Album(2008)A Christmas Duel
60%
Tyrannosaurus Hives(2004)A Little More for Little You
60%
Tyrannosaurus Hives(2004)Antidote
60%
Tyrannosaurus Hives(2004)B Is for Brutus
60%
Barely Legal(1997)Black Jack
60%
Oh Lord! When? How?(1996)Cellblock
60%
Lex Hives(2012)Come On!
60%
The Death of Randy Fitzsimmons(2023)Crash Into the Weekend
60%
Tyrannosaurus Hives(2004)Dead Quote Olympics
60%
Non-Album(2019)Good Samaritan
60%
Veni Vidi Vicious(2000)Inspection Wise 1999
60%
Barely Legal(1997)King of Asskissing
60%
Veni Vidi Vicious(2000)Knock Knock
60%
Veni Vidi Vicious(2000)Main Offender
60%
Tyrannosaurus Hives(2004)No Pun Intended
60%
Barely Legal(1997)Oh Lord! When? How?
60%
Tyrannosaurus Hives(2004)See Through Head
60%
Veni Vidi Vicious(2000)Statecontrol
60%
Lex Hives(2012)Take Back the Toys
60%
The Black and White Album(2007)T.H.E.H.I.V.E.S.
60%
Your New Favourite Band(2001)The Hives Are Law, You Are Crime
60%
Veni Vidi Vicious(2000)The Hives – Declare Guerre Nucleaire
60%
Veni Vidi Vicious(2000)The Hives – Introduce the Metric System in Time
60%
Barely Legal(1997)The Stomp
60%
The Death of Randy Fitzsimmons(2023)Two Kinds of Trouble
60%
Tyrannosaurus Hives(2004)Two-Timing Touch and Broken Bones
60%
Tyrannosaurus Hives(2004)Walk Idiot Walk
60%
Lex Hives(2012)1000 Answers
40%
Veni Vidi Vicious(2000)A Get Together to Tear It Apart
40%
The Black and White Album(2007)A Stroll Through Hive Manor Corridors
40%
Barely Legal(1997)Automatic Schmuck
40%
Oh Lord! When? How?(1996)Bearded Lady
40%
Tyrannosaurus Hives(2004)Diabolic Scheme
40%
A.K.A. I-D-I-O-T(1998)Fever
40%
Veni Vidi Vicious(2000)Find Another Girl
40%
The Black and White Album(2007)Giddy Up!
40%
A Killer Among Us(1998)Gninrom Ytic Kcorknup
40%
Barely Legal(1997)Hail Hail Spit N' Drool
40%
Barely Legal(1997)Here We Go Again
40%
The Black and White Album(2007)Hey Little World
40%
Oh Lord! When? How?(1996)How Will I Cope with That?
40%
Lex Hives(2012)If I Had a Cent
40%
Non-Album(2019)I'm Alive
40%
Barely Legal(1997)I'm a Wicked One
40%
Lex Hives(2012)I Want More
40%
Oh Lord! When? How?(1996)Let Me Go
40%
Tyrannosaurus Hives(2004)Love in Plaster
40%
A.K.A. I-D-I-O-T(1998)Mad Man
40%
Lex Hives(2012)Midnight Shifter
40%
Tyrannosaurus Hives(2004)Missing Link
40%
Lex Hives(2012)My Time Is Coming
40%
Veni Vidi Vicious(2000)Outsmarted
40%
Lex Hives(2012)Patrolling Days
40%
A Killer Among Us(1998)Punkrock City Morning
40%
The Black and White Album(2007)Puppet on a String
40%
The Black and White Album(2007)Return the Favour
40%
The Death of Randy Fitzsimmons(2023)Smoke & Mirrors
40%
Oh Lord! When? How?(1996)Some People Know All Too Well How Bad Liquorice, or Any Candy for That Matter, Can Taste When Having Laid Out in the Sun Too Long - And I Think I Just Ate Too Much
40%
The Black and White Album(2007)Square One Here I Come
40%
The Death of Randy Fitzsimmons(2023)Step Out of the Way
40%
The Death of Randy Fitzsimmons(2023)Stick Up
40%
Veni Vidi Vicious(2000)Supply and Demand
40%
The Death of Randy Fitzsimmons(2023)The Bomb
40%
Barely Legal(1997)Theme from...
40%
Lex Hives(2012)These Spectacles Reveal the Nostalgics
40%
The Death of Randy Fitzsimmons(2023)The Way the Story Goes
40%
The Death of Randy Fitzsimmons(2023)Trapdoor Solution
40%
A.K.A. I-D-I-O-T(1998)Untutored Youth
40%
Barely Legal(1997)Uptempo Venomous Poison
40%
Lex Hives(2012)Wait a Minute
40%
The Black and White Album(2007)Well All Right!
40%
Barely Legal(1997)Well, Well, Well
40%
The Death of Randy Fitzsimmons(2023)What Did I Ever Do to You?
40%
Barely Legal(1997)What's That Spell?... Go to Hell!
40%
Lex Hives(2012)Without the Money
40%
The Black and White Album(2007)Won't Be Long
40%
The Black and White Album(2007)You Dress Up for Armageddon
40%
The Black and White Album(2007)You Got It All... Wrong
40%
Oh Lord! When? How?(1996)You Think You're So Darn Special
40%

Score Distribution

Percentile by Number Answered

Percent of People with Each Score

Your Score History

You have not taken this quiz